000 01459cam a2200373 i 4500
001 41693
003 Mx-PuUPA
005 20240925084017.0
008 140415s2001 mx a gr 000 0 spa d
020 _a968165210X
040 _cMx-PuUPA
_aMx-PuUPA
_bspa
_dMx-PuUPA
_erda
041 1 _aspa
_heng
100 1 _aBauman, Zygmunt,
_d1925-2017
_96292
_eautor
240 1 _aGlobalization. The human consequences.
_lEspañol
245 1 3 _aLa globalización :
_bconsecuencias humanas /
_cZygmunt Bauman ; traducción de Daniel Zadunaisky
250 _aSegunda edición
264 1 _aMéxico, D. F. :
_bFondo de Cultura Económica,
_c2001
300 _a171 páginas ;
_c21 cm
336 _2rdacontent
_atexto
_btxt
337 _2rdamedia
_asin medio
_bn
338 _2rdacarrier
_avolumen
_bnc
490 0 _aColección Sociología
545 1 _aReimpresiones: (Segunda, 2004).
650 7 _2armarc
_aPosmodernismo
_xAspectos sociales
650 7 _2armarc
_aInternacionalismo
650 7 _2armarc
_aRelaciones económicas internacionales
650 7 _2armarc
_aMovilidad social
700 1 _aZadunaisky, Daniel,
_etraductor
765 _aBauman, Zygmunt, 1925-2017
_d[Lugar de publicación no identificado] : Poly Press, ©1998
_tGlobalization. The human consequences.
_z0745620132
942 _2ddc
_cLI
_h303.4
_iB33
999 _c41693
_d41693